LEADER 00764nam0-22002891i-450- 001 990000554810403321 005 20060303140458.0 010 $a0 85177 329 X 035 $a000055481 035 $aFED01000055481 035 $a(Aleph)000055481FED01 035 $a000055481 100 $a20020821d1985----km-y0itay50------ba 101 0 $aita 105 $ay-------001yy 200 1 $aNaval weapons of world war two$fJohn Campbell 210 $aLondon$cConway$d1985 215 $a33 cm$d403 p. 676 $a623.4 700 1$aCampbell,$bN.J.M.$0291526 801 0$aIT$bUNINA$gRICA$2UNIMARC 901 $aBK 912 $a990000554810403321 952 $a05 66 55$b603$fDININ 959 $aDININ 996 $aNaval weapons of world war two$9320422 997 $aUNINA LEADER 03904nam 2200649Ia 450 001 9910462640803321 005 20210519221244.0 010 $a1-283-85654-9 010 $a3-11-025458-1 024 7 $a10.1515/9783110254587 035 $a(CKB)2670000000309338 035 $a(EBL)894037 035 $a(OCoLC)821198771 035 $a(SSID)ssj0000782685 035 $a(PQKBManifestationID)12386566 035 $a(PQKBTitleCode)TC0000782685 035 $a(PQKBWorkID)10746242 035 $a(PQKB)10299421 035 $a(MiAaPQ)EBC894037 035 $a(DE-B1597)123554 035 $a(OCoLC)853243954 035 $a(DE-B1597)9783110254587 035 $a(Au-PeEL)EBL894037 035 $a(CaPaEBR)ebr10634557 035 $a(CaONFJC)MIL416904 035 $a(EXLCZ)992670000000309338 100 $a20120321d2012 uy 0 101 0 $aeng 135 $aurun#---|u||u 181 $ctxt 182 $cc 183 $acr 200 00$aAtlas of terrestrial mammals of the Ionian and Aegean islands$b[electronic resource] /$fedited by Marco Masseti 210 $aBerlin ;$aBoston $cDe Gruyter$dc2012 215 $a1 online resource (320 p.) 300 $aDescription based upon print version of record. 311 0 $a3-11-025457-3 320 $aIncludes bibliographical references (p. [237]-297) and index. 327 $tFront matter --$tPreface /$rVigne, Jean-Denis --$tAcknowledgments --$tContents --$t1 Introduction --$t2 Materials and methods --$t3 The natural setting --$t4 The island endemics. The mammals of the Upper Pleistocene --$t5 The disappearance of the endemics. Holocene relics of a vanished world --$t6 Atlas of the non-volant mammals of the Ionian and the Aegean islands. The species account. 6.1-6.14 --$t6 Atlas of the non-volant mammals of the Ionian and the Aegean islands. The species account. 6.15-6.29 --$t6 Atlas of the non-volant mammals of the Ionian and the Aegean islands. The species account. 6.30-6.44 --$t7 Species dubiously and/or erroneously recorded from the Ionian and Aegean islands --$t8 Archaeozoological evidence of the diffusion of mammalian species of different and/or exotic origin or durable parts of them --$t9 Biogeographical remarks --$t10 A weighty legacy: concluding remarks --$tAppendix A. Native domestic breeds --$tAppendix B. Chiroptera reported from the Ionian and Aegean islands --$tAppendix C. Cetaceans reported from the Ionian sea and the Aegean Seas --$tAppendix D. The monk seal, Monachus monachus Hermann, 1779 --$tBibliography --$tIndex 330 $aThe goal of this book is to foster better knowledge of the mammalian fauna of the Mediterranean islands. The atlas presents the current state of knowledge of the past and present distribution of the non-flying terrestrial mammals of the Ionian and Aegean islands. It provides a distribution map for each species with extensive references and a description of all the mammalian taxa. The book also focuses on the important role of human beings in the redefinition of the insular ecological equilibrium, as well as on the environmental impact of biological invasions. The protection and study of this fauna can provide an opportunity for testing a range of different evolutionary theories. 606 $aMammals$zGreece$zIonian Islands$xGeographical distribution 606 $aMammals$zAegean Islands (Greece and Turkey)$xGeographical distribution 608 $aElectronic books. 615 0$aMammals$xGeographical distribution. 615 0$aMammals$xGeographical distribution. 676 $a599.0939/1 676 $a599.09391 676 $a599.09495 700 $aMasseti$b Marco, $0451060 701 $aMasseti$b Marco 801 0$bMiAaPQ 801 1$bMiAaPQ 801 2$bMiAaPQ 906 $aBOOK 912 $a9910462640803321 996 $aAtlas of terrestrial mammals of the Ionian and Aegean islands$92450983 997 $aUNINA